000 00503nam a2200205Ia 4500
003 OSt
005 20140414143224.0
008 140130s9999 xx 000 0 und d
020 _a0439232627
050 _aPZ 7
_b.C2985MmS 2000
100 _aCazet, Denys
245 _cDenys Cazet
_aMinnie and Moo Save the earth /
260 _bScholastic,
_c2000.
_aNew York :
300 _a48 p. :
_bcol. ill. ;
_c24 cm.
440 _v1
521 _aBR
526 _c130
942 _cBK
_2lcc
999 _c39854
_d39854